[Event "IX Open"]
[Site "Crema ITA"]
[Date "2007.09.08"]
[Round "3"]
[White "Vishanji, Adrian"]
[Black "Castrogiovanni, Carlo"]
[Result "0-1"]
[WhiteElo "1821"]
[BlackElo "2086"]
[PlyCount "112"]
[EventDate "2007.09.07"]

1. e4 c5 2. Nf3 a6 3. d4 cxd4 4. Nxd4 Nf6 5. Nc3 e5 6. Nf3 Bb4 7. Bd2 O-O 8.
Bg5 Bxc3+ 9. bxc3 Qc7 10. Bd3 Qxc3+ 11. Nd2 Nh5 12. O-O Nf4 13. Nc4 b5 14. Nd6
Nc6 15. Qg4 Ng6 16. h4 f6 17. h5 fxg5 18. hxg6 h6 19. Qh5 Ne7 20. Nf7 Rxf7 21.
gxf7+ Kf8 22. a4 b4 23. Qe2 Kxf7 24. Bc4+ Kg6 25. Rad1 Nc6 26. Rd3 Nd4 27. Rxd4
exd4 28. Bd5 Rb8 29. e5 Kh7 30. Qe4+ Kh8 31. Rd1 Qc7 32. Rxd4 Bb7 33. Rxb4 Bxd5
34. Rxb8+ Qxb8 35. Qxd5 Qb2 36. Qxd7 Qa1+ 37. Kh2 Qxe5+ 38. g3 Qe2 39. Qd8+ Kh7
40. Qd3+ Qxd3 41. cxd3 Kg6 42. Kg2 Kf5 43. Kf3 Ke5 44. Ke3 h5 45. f4+ gxf4+ 46.
gxf4+ Kd5 47. a5 g6 48. d4 h4 49. Kf3 Kxd4 50. Kg4 Ke4 51. f5 gxf5+ 52. Kxh4
Kf3 53. Kg5 Ke4 54. Kh4 f4 55. Kh3 Ke3 56. Kg2 Ke2 0-1

[Event "IX Open"]
[Site "Crema ITA"]
[Date "2007.09.08"]
[Round "3"]
[White "Vishanji, Franz"]
[Black "Brighenti, Alessandro"]
[Result "1-0"]
[WhiteElo "1428"]
[BlackElo "1623"]
[PlyCount "69"]
[EventDate "2007.09.07"]

1. e4 e5 2. Nf3 Nc6 3. Bb5 f5 4. d3 fxe4 5. dxe4 Nf6 6. Bg5 Be7 7. Nc3 O-O 8.
Bxf6 Bxf6 9. Qd5+ Kh8 10. O-O-O Qe7 11. a3 Nd4 12. Be2 c6 13. Qc4 a5 14. Nxd4
exd4 15. Nb1 b5 16. Qd3 d6 17. f4 c5 18. Qxb5 Ba6 19. Qb3 Bxe2 20. Rde1 a4 21.
Qh3 Ba6 22. g4 Bh4 23. Ref1 Bxf1 24. Rxf1 Bg5 25. fxg5 Rxf1+ 26. Qxf1 Qxg5+ 27.
Nd2 Qxg4 28. Qf3 Qg1+ 29. Nf1 Kg8 30. e5 Qg5+ 31. Nd2 Qxe5 32. Qxa8+ Kf7 33.
Qf3+ Kg8 34. Qe4 Qxh2 35. Qe8# 1-0

[Event "IX Open"]
[Site "Crema ITA"]
[Date "2007.09.08"]
[Round "3"]
[White "Volpi, Davide"]
[Black "Tagliaferri, Valerio"]
[Result "0-1"]
[WhiteElo "2008"]
[BlackElo "1440"]
[PlyCount "48"]
[EventDate "2007.09.07"]

1. Nf3 d5 2. g3 Nf6 3. Bg2 c6 4. O-O Bg4 5. h3 Bh5 6. d3 Nbd7 7. Nbd2 e5 8. e4
Bd6 9. g4 Bg6 10. Nh4 Nxe4 11. Nxg6 Nxd2 12. Nxh8 Nxf1 13. Kxf1 f6 14. g5 Ke7
15. gxf6+ gxf6 16. Nf7 Kxf7 17. Qh5+ Kg8 18. Bh6 Kh8 19. Qf7 Bf8 20. Bxf8 Nxf8
21. Qxb7 Qc8 22. Qxc8 Rxc8 23. Ke2 Ne6 24. Bf3 Nd4+ 0-1

[Event "IX Open"]
[Site "Crema ITA"]
[Date "2007.09.08"]
[Round "4"]
[White "Albrizio, Mauro"]
[Black "Calvi, Luca"]
[Result "1-0"]
[WhiteElo "1697"]
[BlackElo "1560"]
[PlyCount "105"]
[EventDate "2007.09.07"]

1. e4 e6 2. d4 d5 3. Nc3 Nc6 4. e5 Nge7 5. Nf3 Nf5 6. Bg5 Be7 7. Bxe7 Qxe7 8.
a3 Bd7 9. Qd2 f6 10. Nb5 Rc8 11. O-O-O a6 12. Nc3 Na7 13. g4 Nh6 14. exf6 Qxf6
15. Ne5 Qe7 16. Be2 Nf7 17. f4 Nxe5 18. fxe5 c5 19. dxc5 Rxc5 20. Qe3 Nb5 21.
Nxb5 Bxb5 22. Bxb5+ Rxb5 23. Rhf1 b6 24. b4 Qc7 25. Rd3 d4 26. Rxd4 Rxe5 27.
Re4 Rxe4 28. Qxe4 Ke7 29. Qf3 Rc8 30. Qf7+ Kd6 31. Rd1+ Kc6 32. Qxe6+ Kb5 33.
Qe2+ Qc4 34. Qxc4+ Rxc4 35. h3 Rc3 36. Rd3 Rxd3 37. cxd3 g5 38. Kc2 Kc6 39. Kc3
Kd5 40. d4 b5 41. Kd3 h6 42. Ke3 Kd6 43. Ke4 Ke6 44. d5+ Kd6 45. Kd4 Kd7 46.
Ke5 Ke7 47. d6+ Kd7 48. Kd5 Kd8 49. Ke6 Ke8 50. d7+ Kd8 51. Kd6 a5 52. bxa5 b4
53. a6 1-0

[Event "IX Open"]
[Site "Crema ITA"]
[Date "2007.09.08"]
[Round "4"]
[White "Annoni, Riccardo"]
[Black "Mora, Lorenzo"]
[Result "1-0"]
[WhiteElo "2080"]
[BlackElo "1920"]
[PlyCount "89"]
[EventDate "2007.09.07"]

1. e4 c5 2. Nc3 Nc6 3. g3 g6 4. Bg2 Bg7 5. d3 d6 6. Be3 e6 7. Qd2 Nge7 8. Bh6
Bf6 9. Nge2 Rb8 10. O-O b5 11. Nd1 Qc7 12. c3 Ng8 13. Be3 Nge7 14. Bh6 Ng8 15.
Be3 Nge7 16. f4 O-O 17. g4 Bb7 18. Ng3 Bg7 19. f5 exf5 20. gxf5 f6 21. Bh6 Ne5
22. Bxg7 Kxg7 23. fxg6 hxg6 24. Ne3 Rh8 25. b3 Rh7 26. d4 Nd7 27. Rf2 Rbh8 28.
Raf1 Ng8 29. Bh1 Rh4 30. Qe2 a6 31. Ng4 cxd4 32. cxd4 Qc3 33. Ne3 Nf8 34. e5
Bxh1 35. exf6+ Kf7 36. Kxh1 Qxd4 37. Qf3 Qb6 38. Nd5 Qc6 39. Re1 Ne6 40. Rxe6
Qc1+ 41. Nf1 Kxe6 42. f7 Ne7 43. Re2+ Kd7 44. Rxe7+ Kc6 45. Rc7# 1-0

[Event "IX Open"]
[Site "Crema ITA"]
[Date "2007.09.08"]
[Round "4"]
[White "Biava, Pierluigi"]
[Black "Volpi, Davide"]
[Result "0-1"]
[WhiteElo "1739"]
[BlackElo "2008"]
[PlyCount "92"]
[EventDate "2007.09.07"]

1. c4 Nf6 2. Nc3 e5 3. d3 g6 4. g3 Bg7 5. Bg2 O-O 6. Nf3 d6 7. O-O c6 8. Bg5 h6
9. Bd2 a5 10. Qc1 Kh7 11. Rb1 Na6 12. h3 Nd7 13. Nh2 Ndc5 14. Ng4 h5 15. Nh2
Bd7 16. Nf3 Rh8 17. Ng5+ Kg8 18. Nge4 Qe7 19. Nxc5 Nxc5 20. b4 axb4 21. Rxb4
Bf5 22. Qc2 Kh7 23. Rfb1 Qd7 24. Kh2 Rhb8 25. Rb6 Qc7 26. a4 Bc8 27. Be3 Nd7
28. R6b2 Ra6 29. Bf3 Kg8 30. g4 Nf6 31. gxh5 Nxh5 32. Bb6 Qd7 33. Rh1 Qxh3+ 34.
Kg1 Qf5 35. Ne4 d5 36. cxd5 cxd5 37. Nd6 Qg5+ 38. Kf1 Bg4 39. Bxd5 Qf6 40. Qc7
Rf8 41. Ne4 Qf4 42. Be3 Qf5 43. a5 Rc8 44. Qxb7 Rxa5 45. Bxf7+ Qxf7 46. Qxc8+
Bxc8 0-1

[Event "IX Open"]
[Site "Crema ITA"]
[Date "2007.09.08"]
[Round "4"]
[White "Bonazzi, Edoardo"]
[Black "Masotti, Roberto"]
[Result "1-0"]
[WhiteElo "2185"]
[BlackElo "1948"]
[PlyCount "55"]
[EventDate "2007.09.07"]

1. Nf3 d5 2. c4 c6 3. g3 Nf6 4. Bg2 Bf5 5. cxd5 cxd5 6. Qb3 Qc7 7. Nc3 e6 8. d3
Nc6 9. O-O a6 10. Bf4 Bd6 11. Bxd6 Qxd6 12. Qxb7 O-O 13. Qb3 Rab8 14. Qc2 Nb4
15. Qd2 d4 16. Na4 e5 17. Rfc1 Rfc8 18. a3 Nbd5 19. Rxc8+ Rxc8 20. Rc1 Rc6 21.
b4 Qc7 22. Nc5 a5 23. e4 Bxe4 24. Nxd4 Bxg2 25. Nxc6 Nf4 26. Ne4 Qd7 27. Nxe5
Qf5 28. Qxf4 1-0

[Event "IX Open"]
[Site "Crema ITA"]
[Date "2007.09.08"]
[Round "4"]
[White "Brugo, Marco"]
[Black "De Palma, Fabrizio"]
[Result "1/2-1/2"]
[WhiteElo "2142"]
[BlackElo "1972"]
[PlyCount "30"]
[EventDate "2007.09.07"]

1. d4 Nf6 2. c4 c5 3. d5 e6 4. Nc3 exd5 5. cxd5 d6 6. e4 g6 7. f4 Bg7 8. Bb5+
Bd7 9. e5 dxe5 10. fxe5 Nh5 11. Nf3 O-O 12. O-O Bg4 13. Be2 Bxf3 14. Bxf3 Bxe5
15. Bxh5 Qh4 1/2-1/2

[Event "IX Open"]
[Site "Crema ITA"]
[Date "2007.09.08"]
[Round "4"]
[White "Caramaschi, Vincenzo"]
[Black "Acunzo, Domenico"]
[Result "1/2-1/2"]
[WhiteElo "1416"]
[BlackElo "1776"]
[PlyCount "101"]
[EventDate "2007.09.07"]

1. e4 e6 2. d4 d5 3. Nc3 Bb4 4. e5 c5 5. a3 Bxc3+ 6. bxc3 Ne7 7. f4 Qc7 8. Be2
cxd4 9. cxd4 Qc3+ 10. Bd2 Qxd4 11. Nf3 Qb6 12. Rb1 Qc7 13. O-O O-O 14. Kh1 b6
15. Nd4 Ba6 16. Rf3 Bxe2 17. Qxe2 Nbc6 18. Nxc6 Nxc6 19. Qf2 f6 20. Rbb3 fxe5
21. fxe5 Qxe5 22. Rbe3 Qd6 23. Qh4 Rxf3 24. gxf3 Rf8 25. Re1 Qxa3 26. c3 Qd6
27. Qh5 a5 28. Rg1 Qe5 29. Qg4 Qf6 30. f4 Ne7 31. Be3 Nf5 32. Bxb6 Qxc3 33. h4
h5 34. Qg2 Nxh4 35. Bxa5 Nxg2 36. Bxc3 Rxf4 37. Rxg2 Rg4 38. Rxg4 hxg4 39. Kg2
Kf7 40. Kg3 g6 41. Kxg4 Ke7 42. Kg5 Kd6 43. Kxg6 e5 44. Kf5 d4 45. Be1 Kd5 46.
Ba5 e4 47. Kf4 e3 48. Kf3 Kc4 49. Ke2 Kd5 50. Kd3 Ke5 51. Bb6 1/2-1/2

[Event "IX Open"]
[Site "Crema ITA"]
[Date "2007.09.08"]
[Round "4"]
[White "Casartelli, Fabio"]
[Black "Mussap, Angelo"]
[Result "0-1"]
[WhiteElo "1916"]
[BlackElo "2083"]
[PlyCount "86"]
[EventDate "2007.09.07"]

1. d4 e6 2. Nf3 d5 3. c4 Nf6 4. Nc3 Bb4 5. Bg5 O-O 6. e3 Be7 7. Bd3 Nc6 8. Rc1
Nb4 9. Be2 a5 10. a3 Na6 11. cxd5 exd5 12. O-O c6 13. Qc2 Bg4 14. h3 Bh5 15.
Rfe1 Bg6 16. Bd3 Nc7 17. Ne5 Bxd3 18. Qxd3 Ne4 19. Bxe7 Qxe7 20. Nxe4 dxe4 21.
Qc4 Nd5 22. Qe2 f6 23. Nc4 b5 24. Nd2 Rac8 25. Rc5 a4 26. Rec1 Qe6 27. Qg4 f5
28. Qg3 f4 29. exf4 Nxf4 30. Re1 Rcd8 31. Rxe4 Qxe4 32. Nxe4 Ne2+ 33. Kh2 Nxg3
34. Kxg3 Rxd4 35. Ng5 Rf6 36. Nf3 Rd5 37. Rc2 c5 38. Nd2 Re6 39. Nf1 c4 40. Ne3
Rd3 41. Kf4 Red6 42. Nf5 Rd7 43. Re2 Rd2 0-1

[Event "IX Open"]
[Site "Crema ITA"]
[Date "2007.09.08"]
[Round "4"]
[White "Castrogiovanni, Carlo"]
[Black "Capata, Ion"]
[Result "0-1"]
[WhiteElo "2086"]
[BlackElo "2142"]
[PlyCount "83"]
[EventDate "2007.09.07"]

1. d4 d5 2. Nf3 Nf6 3. g3 g6 4. Bg2 Bg7 5. O-O O-O 6. b3 b6 7. Bb2 Bb7 8. Nbd2
Nbd7 9. Re1 c5 10. e3 Rc8 11. c4 dxc4 12. Nxc4 Ne4 13. dxc5 Bxb2 14. Nxb2 Ndxc5
15. Rc1 Qxd1 16. Rexd1 Rfd8 17. Rd4 Ne6 18. Rdc4 Rxc4 19. Nxc4 Nc3 20. Ra1 b5
21. Na5 Be4 22. Nd4 Nxd4 23. exd4 Rxd4 24. Re1 Bxg2 25. Kxg2 e6 26. Nc6 Rd2 27.
Nxa7 Rxa2 28. Rc1 b4 29. Nc6 Nd5 30. Kf3 Rb2 31. Na5 Nc3 32. Re1 Ra2 33. Nc6
Nd5 34. Rc1 Rd2 35. Kg2 Rd3 36. Na5 Rc3 37. Rd1 Rc2 38. Rd3 Kf8 39. Rd4 Ke7 40.
Kf3 Kd6 41. Nc4+ Kc5 42. Rd1 0-1

[Event "IX Open"]
[Site "Crema ITA"]
[Date "2007.09.08"]
[Round "4"]
[White "Colombo, Luca"]
[Black "Barrera, Pietro"]
[Result "0-1"]
[WhiteElo "1766"]
[BlackElo "1905"]
[PlyCount "87"]
[EventDate "2007.09.07"]

1. e4 c5 2. Nf3 d6 3. d4 cxd4 4. Nxd4 Nf6 5. Nc3 g6 6. Be3 Bg7 7. f3 O-O 8. Qd2
Nc6 9. O-O-O Bd7 10. h4 Rc8 11. g4 Ne5 12. h5 Nc4 13. Bxc4 Rxc4 14. hxg6 fxg6
15. Qh2 Rf7 16. Nd5 Qa5 17. a3 b5 18. Kb1 Qd8 19. b3 Rc8 20. Ne2 Kf8 21. Nxf6
Bxf6 22. Bh6+ Ke8 23. Nf4 Be5 24. Qd2 Bc3 25. Qd3 Qa5 26. Nd5 Bh8 27. Bc1 Be6
28. Bb2 Bxb2 29. Kxb2 Bxd5 30. exd5 b4 31. axb4 Qxb4 32. Rh3 Kd7 33. Rdh1 Rh8
34. c3 Qc5 35. Qe4 Kd8 36. R1h2 a5 37. Rh6 Rg7 38. Qd3 Kd7 39. c4 Rb8 40. Ka2
a4 41. Rb2 Qb4 42. Rhh2 axb3+ 43. Rxb3 Ra8+ 44. Ra3 0-1

[Event "IX Open"]
[Site "Crema ITA"]
[Date "2007.09.08"]
[Round "4"]
[White "Colzi, Dante"]
[Black "Casale, Anania"]
[Result "0-1"]
[WhiteElo "1905"]
[BlackElo "1703"]
[PlyCount "70"]
[EventDate "2007.09.07"]

1. e4 c5 2. Nc3 Nc6 3. g3 e6 4. Bg2 Nf6 5. Nge2 d5 6. exd5 exd5 7. d4 Be6 8.
O-O Be7 9. dxc5 O-O 10. Be3 Qa5 11. a3 Rad8 12. b4 Qc7 13. Nb5 Qc8 14. Nbd4 Bh3
15. f3 Bxg2 16. Nxc6 Qxc6 17. Nd4 Qd7 18. Kxg2 Rfe8 19. Qd2 h6 20. Rfe1 Nh7 21.
Qd3 Bf6 22. c3 Bg5 23. Bxg5 Nxg5 24. Qf5 Qxf5 25. Nxf5 Ne6 26. Nd6 Re7 27. Rad1
a5 28. Rxd5 Nf4+ 29. gxf4 Rxe1 30. Re5 Rc1 31. Re3 axb4 32. axb4 Rd7 33. b5 Rd1
34. c6 bxc6 35. b6 R1xd6 0-1

[Event "IX Open"]
[Site "Crema ITA"]
[Date "2007.09.08"]
[Round "4"]
[White "Crimi, Alessandro"]
[Black "Vigano', Massimo"]
[Result "0-1"]
[WhiteElo "1918"]
[BlackElo "2103"]
[PlyCount "98"]
[EventDate "2007.09.07"]

1. d4 d5 2. c4 c6 3. Nf3 e6 4. Nc3 Nf6 5. e3 Bd6 6. Qc2 Nbd7 7. cxd5 exd5 8.
Bd3 O-O 9. g4 Nxg4 10. Bxh7+ Kh8 11. Rg1 Ndf6 12. Ng5 Qe7 13. Bd3 Bd7 14. Be2
Nh6 15. Bd2 b5 16. Bd3 Rac8 17. a3 a5 18. Qb1 Rfe8 19. b4 axb4 20. axb4 Bxb4
21. Ra7 Ra8 22. Qa2 Qf8 23. Rxa8 Rxa8 24. Qb2 Ra7 25. Nf3 Bd6 26. Ne2 Qa8 27.
Bc3 b4 28. Bd2 Ra1+ 29. Nc1 Qa3 30. Qxa3 Rxa3 31. Ne5 Be8 32. f3 c5 33. Kf2
Bxe5 34. dxe5 Nfg8 35. Bb1 Bb5 36. Ne2 Ne7 37. Rc1 Bxe2 38. Kxe2 Ra5 39. f4
Nhf5 40. Kf2 g6 41. h4 Kg7 42. h5 gxh5 43. Rh1 Kh6 44. e4 dxe4 45. Bxe4 Ra2 46.
Rd1 c4 47. Bb1 Rb2 48. Ke1 c3 49. Bc1 Rxb1 0-1

[Event "IX Open"]
[Site "Crema ITA"]
[Date "2007.09.08"]
[Round "4"]
[White "D'Apa, Matteo"]
[Black "Bozzali, Ermanno"]
[Result "1/2-1/2"]
[WhiteElo "2055"]
[BlackElo "2116"]
[PlyCount "67"]
[EventDate "2007.09.07"]

1. d4 Nf6 2. c4 e6 3. Nf3 Bb4+ 4. Bd2 Qe7 5. Nc3 O-O 6. e3 Bxc3 7. Bxc3 Ne4 8.
Bd3 f5 9. O-O Nxc3 10. bxc3 Nc6 11. Re1 e5 12. e4 f4 13. c5 d6 14. d5 Nd8 15.
cxd6 cxd6 16. c4 b6 17. a3 Nb7 18. Nd2 Qg5 19. f3 Bh3 20. Bf1 Bd7 21. Nb3 a5
22. Nc1 Nc5 23. Nd3 Rab8 24. Re2 h5 25. Kh1 h4 26. h3 Rfc8 27. Rb2 Qd8 28. Nc1
Qe8 29. Rba2 Rc7 30. Ne2 Rcb7 31. Nc3 Qe7 32. Rb2 g5 33. Rab1 Be8 34. Be2
1/2-1/2

[Event "IX Open"]
[Site "Crema ITA"]
[Date "2007.09.08"]
[Round "4"]
[White "Distratis, Gianluca"]
[Black "Potenza, Gaetano"]
[Result "1-0"]
[WhiteElo "1881"]
[BlackElo "1673"]
[PlyCount "91"]
[EventDate "2007.09.07"]

1. e4 c5 2. c3 e6 3. Nf3 Nf6 4. e5 Nd5 5. d4 cxd4 6. cxd4 Nc6 7. Bc4 Nb6 8. Bb3
d6 9. O-O Qc7 10. Nc3 a6 11. d5 Nxe5 12. Nxe5 dxe5 13. dxe6 Bxe6 14. Bxe6 fxe6
15. Qh5+ g6 16. Qg4 Qf7 17. Be3 Nd7 18. f4 Nf6 19. Qf3 Bd6 20. fxe5 Bxe5 21.
Ne4 O-O 22. Bh6 Bd4+ 23. Be3 Bxe3+ 24. Qxe3 Qe7 25. Ng5 Rae8 26. Qe5 h6 27. Nf3
Ng4 28. Qg3 Qc5+ 29. Kh1 Qh5 30. Rae1 e5 31. Re4 Rf4 32. Rxf4 exf4 33. Qxf4 Qb5
34. Nd4 Qd7 35. h3 Ne3 36. Rf3 g5 37. Qf6 Qg7 38. Qd6 Nc4 39. Qd5+ Kh8 40. Qxc4
Re1+ 41. Kh2 Qe5+ 42. g3 Rd1 43. Qc8+ Kg7 44. Ne6+ Kh7 45. Qc7+ Kg6 46. Qf7#
1-0

[Event "IX Open"]
[Site "Crema ITA"]
[Date "2007.09.08"]
[Round "4"]
[White "Ficco, Corrado"]
[Black "Valsecchi, Alessio"]
[Result "1-0"]
[WhiteElo "2158"]
[BlackElo "2175"]
[PlyCount "103"]
[EventDate "2007.09.07"]

1. e4 c5 2. Nf3 Nc6 3. d4 cxd4 4. Nxd4 g6 5. c4 Bg7 6. Be3 Nf6 7. Nc3 O-O 8.
Be2 b6 9. Qd2 Bb7 10. f3 Nh5 11. O-O Nf4 12. Rfd1 Nxe2+ 13. Ndxe2 Ne5 14. b3 f5
15. f4 Ng4 16. Bd4 e5 17. fxe5 fxe4 18. Nf4 Qg5 19. Ncd5 e3 20. Bxe3 Bxe5 21.
Nh3 Bxh2+ 22. Kh1 Qh5 23. Ne7+ Kh8 24. Bd4+ Be5 25. Bxe5+ Nxe5 26. Nd5 Rae8 27.
Rf1 Qh4 28. Rae1 d6 29. Rd1 Bc8 30. Qg5 Qxg5 31. Nxg5 Rxf1+ 32. Rxf1 Bf5 33.
Nxh7 Ng4 34. Nhf6 Nxf6 35. Nxf6 Re2 36. Rd1 Rxa2 37. Rxd6 Kg7 38. g4 Bc8 39. g5
Bb7+ 40. Nd5 Bxd5+ 41. cxd5 Rb2 42. Rd7+ Kg8 43. Rxa7 Rxb3 44. Rb7 Rb5 45. d6
Rxg5 46. Rb8+ Kf7 47. d7 Rh5+ 48. Kg2 Rg5+ 49. Kh3 Rh5+ 50. Kg4 Rd5 51. d8=Q
Rxd8 52. Rxd8 1-0

[Event "IX Open"]
[Site "Crema ITA"]
[Date "2007.09.08"]
[Round "4"]
[White "Fizzotti, Mario"]
[Black "D'Apa, Massimo"]
[Result "0-1"]
[WhiteElo "1839"]
[BlackElo "1521"]
[PlyCount "66"]
[EventDate "2007.09.07"]

1. c4 Nf6 2. g3 g6 3. Bg2 Bg7 4. Nc3 O-O 5. Nf3 d6 6. O-O Nbd7 7. e4 e5 8. d3
a5 9. Nh4 Nc5 10. f4 Bg4 11. Qc2 exf4 12. Bxf4 Ne6 13. Be3 h6 14. Qd2 g5 15.
Nf5 Bxf5 16. exf5 Nc5 17. d4 Ncd7 18. Bxb7 Rb8 19. Bg2 c5 20. b3 Ng4 21. Ne2
Re8 22. Bf2 Nxf2 23. Kxf2 cxd4 24. Nxd4 Qb6 25. Rad1 Nf6 26. Kg1 Ng4 27. Rf3
Re4 28. Rd3 Re5 29. h3 Nf6 30. Kh2 Rbe8 31. Qc2 Ne4 32. Bxe4 Rxe4 33. Nb5 Re2+
0-1

[Event "IX Open"]
[Site "Crema ITA"]
[Date "2007.09.08"]
[Round "4"]
[White "Lanni, Vincenzo"]
[Black "Vishanji, Adrian"]
[Result "1/2-1/2"]
[WhiteElo "1904"]
[BlackElo "1821"]
[PlyCount "128"]
[EventDate "2007.09.07"]

1. d4 d5 2. g3 Nf6 3. Bg2 e6 4. Nf3 c5 5. c3 Nc6 6. O-O Bd6 7. dxc5 Bxc5 8.
Nbd2 e5 9. Nb3 Bb6 10. Bg5 Be6 11. Qc2 h6 12. Bxf6 Qxf6 13. e4 d4 14. cxd4 exd4
15. e5 Nxe5 16. Nxe5 Qxe5 17. Rfe1 Qf6 18. Bxb7 Rd8 19. Nc5 O-O 20. Nxe6 fxe6
21. Rf1 Rd7 22. Ba6 e5 23. Bd3 Re7 24. f3 Qg5 25. Kg2 h5 26. Qe2 h4 27. Qe4 g6
28. Qxg6+ Qxg6 29. Bxg6 hxg3 30. hxg3 Rg7 31. Bd3 Bc7 32. Bc4+ Kh8 33. Rh1+ Rh7
34. Rxh7+ Kxh7 35. Bd3+ Kg7 36. b4 Bd6 37. b5 Rc8 38. Rd1 Rc3 39. Rd2 Kf6 40.
Be4 Bb4 41. Rb2 Ba5 42. Rb3 Rxb3 43. axb3 Bd2 44. Kf2 Ke6 45. Ke2 Bh6 46. Kd3
Kd6 47. Kc4 Bd2 48. g4 Bf4 49. b4 Be3 50. Kb3 Kc7 51. Kc4 Kd6 52. Kd3 Kc7 53.
Bd5 Kd6 54. Bc4 Ke7 55. Ke4 Kf6 56. Kd5 Bd2 57. Kc6 Bxb4 58. Bd3 Kg5 59. Kd5
Kf4 60. Be4 Be7 61. Ke6 Bd8 62. Kd5 d3 63. Bxd3 Kxf3 64. Kxe5 Kxg4 1/2-1/2

[Event "IX Open"]
[Site "Crema ITA"]
[Date "2007.09.08"]
[Round "4"]
[White "Libutti, Michele"]
[Black "Cervini, Ernesto"]
[Result "1-0"]
[WhiteElo "1878"]
[BlackElo "1467"]
[PlyCount "89"]
[EventDate "2007.09.07"]

1. d4 d5 2. c4 c6 3. Nc3 Nf6 4. Nf3 e6 5. Bg5 Be7 6. e3 Nbd7 7. Bd3 O-O 8. O-O
h6 9. Bh4 Qc7 10. Rc1 Re8 11. Re1 Bd6 12. cxd5 exd5 13. Nb5 Qb8 14. Nxd6 Qxd6
15. Bg3 Qe6 16. Nd2 Ne4 17. Nxe4 dxe4 18. Bc4 Qg6 19. Qb3 Nb6 20. d5 cxd5 21.
Bxd5 Rd8 22. Red1 Bg4 23. Rd4 Rxd5 24. Rxd5 Be6 25. Rd6 Bxb3 26. Rxg6 fxg6 27.
axb3 Nd5 28. Rc4 Nf6 29. Be5 Rd8 30. Bd4 a6 31. Kf1 Kf7 32. Ke2 Re8 33. h3 h5
34. Rc7+ Re7 35. Rxe7+ Kxe7 36. f3 exf3+ 37. Kxf3 g5 38. g4 g6 39. Bxf6+ Kxf6
40. Ke4 Ke6 41. b4 b6 42. Kd4 a5 43. bxa5 bxa5 44. b3 Kd6 45. Kc4 1-0

[Event "IX Open"]
[Site "Crema ITA"]
[Date "2007.09.08"]
[Round "4"]
[White "Madaschi, Sergio"]
[Black "Brighenti, Alessandro"]
[Result "1/2-1/2"]
[WhiteElo "1469"]
[BlackElo "1623"]
[PlyCount "84"]
[EventDate "2007.09.07"]

1. e4 e5 2. Nf3 Nc6 3. Bb5 f5 4. d3 fxe4 5. dxe4 Nf6 6. Nc3 d6 7. O-O Be7 8. h3
Be6 9. Re1 h6 10. Nd5 O-O 11. Nxe7+ Qxe7 12. Bd2 Qf7 13. Re3 Nh5 14. Bf1 Qf6
15. g3 Rf7 16. Bg2 Raf8 17. Be1 Ne7 18. Qd3 Bd7 19. Rd1 Bc6 20. c4 Ng6 21. b3
a6 22. Nh2 Qe6 23. Qe2 Nf6 24. Red3 b5 25. Rc3 Qc8 26. Rdc1 bxc4 27. bxc4 Qa8
28. Re3 Rb8 29. Qc2 a5 30. Bd2 Nf8 31. Rce1 Ne6 32. Nf3 a4 33. R3e2 a3 34. Bc3
Rff8 35. Nd2 Nc5 36. Re3 Nfd7 37. Rb1 Rxb1+ 38. Qxb1 Rb8 39. Qc2 Na4 40. Ba1
Nf6 41. Re1 Nc5 42. Rb1 Na4 1/2-1/2

[Event "IX Open"]
[Site "Crema ITA"]
[Date "2007.09.08"]
[Round "4"]
[White "Marrone, Vincenzo"]
[Black "Panizzi, Giuseppe"]
[Result "0-1"]
[WhiteElo "1939"]
[BlackElo "2131"]
[PlyCount "54"]
[EventDate "2007.09.07"]

1. e4 d6 2. d4 Nf6 3. Bd3 g6 4. Nf3 Bg7 5. O-O O-O 6. h3 c6 7. Be3 Nbd7 8. c4
e5 9. Nc3 Re8 10. Rc1 exd4 11. Bxd4 Ne5 12. Be2 Nxf3+ 13. Bxf3 Qe7 14. Qd3 Nd7
15. Bxg7 Kxg7 16. Be2 Nc5 17. Qd4+ Qe5 18. Qxe5+ dxe5 19. b4 Ne6 20. c5 Nd4 21.
Bc4 Be6 22. Bxe6 Nxe6 23. Rfd1 Nd4 24. Rd3 a5 25. a3 axb4 26. axb4 Ra3 27. Rcd1
Rxc3 0-1

[Event "IX Open"]
[Site "Crema ITA"]
[Date "2007.09.08"]
[Round "4"]
[White "Martino, Antonio M."]
[Black "Bozuffi, Italo"]
[Result "1-0"]
[WhiteElo "2005"]
[BlackElo "1888"]
[PlyCount "67"]
[EventDate "2007.09.07"]

1. c4 e5 2. Nc3 Nc6 3. g3 Nf6 4. Bg2 a6 5. d3 h6 6. e4 d6 7. Nge2 Be6 8. O-O
Qc8 9. f4 Bh3 10. f5 Bxg2 11. Kxg2 Qd7 12. h3 O-O-O 13. Rb1 h5 14. b4 Nd4 15.
Be3 Nxe2 16. Qxe2 b6 17. a4 Kb7 18. a5 Ra8 19. Rfc1 g6 20. fxg6 fxg6 21. c5 c6
22. Na4 Qf7 23. Nxb6 Rd8 24. Rf1 Bh6 25. Bxh6 Rxh6 26. Nc4 Qe6 27. cxd6 g5 28.
Qe3 Nd7 29. Rf5 Rf6 30. Rbf1 Rxf5 31. Rxf5 g4 32. h4 c5 33. Qg5 cxb4 34. Qxd8
1-0

[Event "IX Open"]
[Site "Crema ITA"]
[Date "2007.09.08"]
[Round "4"]
[White "Mazzariol, Oscar"]
[Black "Sartorio, Diego"]
[Result "1-0"]
[WhiteElo "2035"]
[BlackElo "1901"]
[PlyCount "75"]
[EventDate "2007.09.07"]

1. d4 d5 2. c4 e6 3. Nc3 c6 4. e3 f5 5. cxd5 exd5 6. g3 Bd6 7. Bg2 Nf6 8. Nge2
O-O 9. O-O Qe8 10. Nf4 Na6 11. Rb1 Nc7 12. b4 Bd7 13. Qb3 Kh8 14. Na4 g5 15.
Nd3 Qh5 16. Nac5 Bc8 17. Qc2 Ng4 18. h3 Nf6 19. a4 b6 20. Nb3 Ba6 21. Bd2 Ne4
22. Rfc1 Qe2 23. Bf1 Bxd3 24. Bxe2 Bxc2 25. Rxc2 Nxd2 26. Nxd2 f4 27. gxf4 gxf4
28. Rxc6 Rae8 29. Bf3 fxe3 30. Rxd6 exf2+ 31. Kxf2 Ne6 32. Re1 Nxd4 33. Rxe8
Rxe8 34. Rxd5 Nc2 35. b5 Nb4 36. Rd7 a6 37. Ne4 axb5 38. Nf6 1-0

[Event "IX Open"]
[Site "Crema ITA"]
[Date "2007.09.08"]
[Round "4"]
[White "Mombelli, Antonio"]
[Black "Milanesi, Erminio"]
[Result "1-0"]
[WhiteElo "1693"]
[BlackElo "1862"]
[PlyCount "75"]
[EventDate "2007.09.07"]

1. e4 g6 2. d4 Nh6 3. Nf3 f6 4. Bc4 e6 5. O-O Nf7 6. Re1 d6 7. c3 Bg7 8. Be3
O-O 9. d5 e5 10. Bb3 f5 11. exf5 Bxf5 12. Qd2 Bf6 13. c4 b6 14. Nc3 Nd7 15. Bc2
Bxc2 16. Qxc2 Ng5 17. Nxg5 Bxg5 18. Bxg5 Qxg5 19. Ne4 Qe7 20. Qd2 Rf5 21. Re3
Nf6 22. Nxf6+ Qxf6 23. Rf1 Rf8 24. Qe2 Kg7 25. b3 Qh4 26. Re4 Rf4 27. Rxf4 Qxf4
28. Qe3 Qxe3 29. fxe3 Rxf1+ 30. Kxf1 e4 31. Kf2 Kf6 32. g4 g5 33. Ke2 a6 34.
Kd2 b5 35. Kc3 Ke5 36. Kb4 bxc4 37. bxc4 h5 38. h3 1-0

[Event "IX Open"]
[Site "Crema ITA"]
[Date "2007.09.08"]
[Round "4"]
[White "Murgia, Andrea"]
[Black "Cammarota, Vittorio"]
[Result "0-1"]
[WhiteElo "2042"]
[BlackElo "1916"]
[PlyCount "105"]
[EventDate "2007.09.07"]

1. e4 e5 2. Nf3 Nc6 3. Bb5 a6 4. Ba4 d6 5. O-O Bd7 6. c3 g6 7. d3 Bg7 8. Bg5
Nge7 9. Qc1 b5 10. Bc2 h6 11. Be3 f5 12. exf5 gxf5 13. g3 Qc8 14. Nh4 f4 15.
gxf4 Bh3 16. Bd1 Bxf1 17. Bh5+ Kd8 18. Qxf1 Bf6 19. Ng2 Qh3 20. Qe2 Rg8 21. Bf3
Rb8 22. Nd2 b4 23. Ne4 Bh8 24. Ng3 bxc3 25. bxc3 exf4 26. Nxf4 Qh4 27. d4 a5
28. Qc4 Rb6 29. Rd1 Qf6 30. Bg2 Rg4 31. Ne6+ Kd7 32. Nc5+ Ke8 33. Nce4 Qg6 34.
d5 Ne5 35. Bxb6 Nxc4 36. Bxc7 Be5 37. Bf3 Bxg3 38. Nxg3 Rg5 39. Re1 Kd7 40. Bb8
Nxd5 41. Bd1 Re5 42. Ba4+ Kc8 43. Rxe5 Nxe5 44. Ba7 Nxc3 45. Bb3 Ne2+ 46. Kf1
Nxg3+ 47. hxg3 Qe4 48. Be3 Kd7 49. Kg1 h5 50. Kf1 h4 51. gxh4 Qxh4 52. Ke2 Qh5+
53. Kf1 0-1

[Event "IX Open"]
[Site "Crema ITA"]
[Date "2007.09.08"]
[Round "4"]
[White "Oteri, Aldo"]
[Black "Perico, Gianvittorio"]
[Result "1-0"]
[WhiteElo "1957"]
[BlackElo "1697"]
[PlyCount "43"]
[EventDate "2007.09.07"]

1. e4 c5 2. Nf3 d6 3. d4 cxd4 4. Nxd4 Nf6 5. Nc3 a6 6. Bg5 e6 7. f4 b5 8. e5
dxe5 9. fxe5 Qc7 10. exf6 Qe5+ 11. Be2 Qxg5 12. O-O Qe5 13. Nf3 Bc5+ 14. Kh1
Qxf6 15. Ne4 Qe7 16. Ne5 O-O 17. Nxf7 Rxf7 18. Rxf7 Kxf7 19. Bh5+ Kg8 20. Nxc5
Qxc5 21. Qd8+ Qf8 22. Bf7+ 1-0